| 000 | 00785nam a2200193Ia 4500 | ||
|---|---|---|---|
| 005 | 20260126144028.0 | ||
| 008 | 210303s9999 xx 000 0 und d | ||
| 016 | _2reto2022b | ||
| 040 |
_aNLN _bEnglish _eAACR2 |
||
| 082 | _a370.96692 | ||
| 086 | _aDT515Wn 8. 1.O27 | ||
| 110 | _aOGUN State. Ministry of Finance and Economic Development. Statistics Division | ||
| 245 | 0 |
_aReport of a survey of the universal primary education (U.P.E.) scheme, 1978 / _cOgun State. Ministry of Finance and Economic Development. Statistics Division |
|
| 260 |
_aAbeokuta, Ogun State : _bStatistics Division Ministry of Finance and Economic Development, _c1978. |
||
| 300 |
_a51p. : _bmap, tables. ; 33cm. |
||
| 563 | _a(pbk) | ||
| 650 |
_aBasic education _vPeriodicals _964683 |
||
| 942 |
_cDOCUMENT _n0 |
||
| 999 |
_c23376 _d23376 |
||